The wireless networking starter kit : (Record no. 182627)
[ view plain ]
| 000 -LEADER | |
|---|---|
| fixed length control field | 01006 a2200217 4500 |
| 003 - CONTROL NUMBER IDENTIFIER | |
| control field | Nust |
| 005 - DATE AND TIME OF LATEST TRANSACTION | |
| control field | 20220730130107.0 |
| 010 ## - LIBRARY OF CONGRESS CONTROL NUMBER | |
| LC control number | 2004271239 |
| 020 ## - INTERNATIONAL STANDARD BOOK NUMBER | |
| International Standard Book Number | 0321174089 |
| 035 ## - SYSTEM CONTROL NUMBER | |
| System control number | (OCoLC)ocm51453465 |
| 040 ## - CATALOGING SOURCE | |
| Transcribing agency | Nust |
| 082 00 - DEWEY DECIMAL CLASSIFICATION NUMBER | |
| Classification number | 004.68,ENG |
| 100 1# - MAIN ENTRY--PERSONAL NAME | |
| Personal name | Engst, Adam C. |
| 9 (RLIN) | 95922 |
| 245 14 - TITLE STATEMENT | |
| Title | The wireless networking starter kit : |
| Remainder of title | the practical guide to Wi-Fi networks for Windows and Macintosh / |
| Statement of responsibility, etc. | by Adam Engst and Glenn Fleishman. |
| 260 ## - PUBLICATION, DISTRIBUTION, ETC. | |
| Place of publication, distribution, etc. | Berkeley, CA : |
| Name of publisher, distributor, etc. | Peachpit Press, |
| Date of publication, distribution, etc. | c2003. |
| 300 ## - PHYSICAL DESCRIPTION | |
| Extent | xvi, 318 p. : |
| Other physical details | ill. ; |
| Dimensions | 24 cm. |
| 505 ## - FORMATTED CONTENTS NOTE | |
| Formatted contents note | Why Wireless? (Page-1), Networking Basics (Page-21), How Wireless Works (Page-55), Connecting Your Computer (Page-79), Building Your Wireless Network (Page-113), Wireless Security (Page-163), Talking It On The Road (Page-199), Going The Distance (Page-223), Things That Go Bump In The Net (Page-257), The Future Of Wireless (Page-281). |
| 650 #0 - SUBJECT ADDED ENTRY--TOPICAL TERM | |
| Topical term or geographic name entry element | Wireless LANs. |
| 9 (RLIN) | 94460 |
| 700 1# - ADDED ENTRY--PERSONAL NAME | |
| Personal name | Fleishman, Glenn. |
| 9 (RLIN) | 95923 |
| 942 ## - ADDED ENTRY ELEMENTS (KOHA) | |
| Source of classification or shelving scheme | |
| Koha item type | Book |
| Call number prefix | 004.68,ENG |
| Withdrawn status | Lost status | Source of classification or shelving scheme | Damaged status | Not for loan | Permanent Location | Current Location | Shelving location | Date acquired | Full call number | Barcode | Date last seen | Price effective from | Koha item type | Public note |
|---|---|---|---|---|---|---|---|---|---|---|---|---|---|---|
| Military College of Signals (MCS) | Military College of Signals (MCS) | General Stacks | 12/12/2016 | 004.68,ENG | MCS30313 | 12/08/2016 | 12/12/2016 | Book | Almirah No.8, Shelf No.4 |
